Memoria - Estadística correspondiente a los cursos 1930-31 y 1931-32 / Escuela Industrial de Villanueva y Geltrú, Centro de Formación Profesional
Descripción Física:
[41] p. ; 23 cm
MARC
| LEADER | 00000nam a2200000Ia 4500 | ||
|---|---|---|---|
| 001 | 11669 | ||
| 003 | BGR | ||
| 005 | 20260324180005.0 | ||
| 008 | 160829s9999 xx 000 0 cat d | ||
| 080 | |a E-1-85 | ||
| 110 | 1 | |a Escola Industrial (Vilanova i la Geltrú) |9 70789 | |
| 245 | |a Memoria - Estadística correspondiente a los cursos 1930-31 y 1931-32 / Escuela Industrial de Villanueva y Geltrú, Centro de Formación Profesional | ||
| 260 | |a Villanueva y Geltrú : |b (Imp. Diario), [1932?] | ||
| 300 | |a [41] p. ; |c 23 cm | ||
| 590 | |a Prové de 4165 | ||
| 650 | |a Escola Industrial (Vilanova i la Geltrú) |x Memòries |9 43301 | ||
| 650 | |a Centre de Formació Professional (Vilanova i la Geltrú) |x Memòries |9 43302 | ||
| 901 | |a Arxiu | ||
| 942 | |n 1 |2 udc |c MON | ||
| 952 | |0 0 |1 0 |4 0 |6 E185 |7 1 |9 51323 |a Arxiu |b Arxiu |d 2016-12-01 |l 0 |o E-1-85 |p 11669 |r 2016-12-01 00:00:00 |w 2016-12-01 |y ARXIU | ||
| 999 | |c 55167 |d 55167 | ||